Central Library OPAC University of Rajshahi

Muslim saints and mystics : (Record no. 32457)

MARC details
000 -LEADER
fixed length control field 01274nam a22003492a 4500
001 - CONTROL NUMBER
control field 32457
003 - CONTROL NUMBER IDENTIFIER
rucl marc code BD-RjUL
005 - DATE AND TIME OF LATEST TRANSACTION
control field 20211209051834.0
008 - FIXED-LENGTH DATA ELEMENTS--GENERAL INFORMATION
fixed length control field 140426r19791966enk b 000 0 eng d
020 ## - INTERNATIONAL STANDARD BOOK NUMBER
International Standard Book Number 0710010338
035 ## - SYSTEM CONTROL NUMBER
System control number (BD-RjUL)32546
040 ## - CATALOGING SOURCE
Original cataloging agency XBM
Transcribing agency CXP
Modifying agency OCL
-- XBM
-- EQO
-- BD-RjUL
Language of cataloging eng
041 ## - LANGUAGE CODE
Language code of text/sound track or separate title eng
082 04 - DEWEY DECIMAL CLASSIFICATION NUMBER
Classification number 297.6
Author mark and year ATM 1979
090 ## - LOCALLY ASSIGNED LC-TYPE CALL NUMBER (OCLC); LOCAL CALL NUMBER (OCLC)
Classification number (OCLC) (R) ; Classification number, CALL (RLIN) (NR) BP189.4
Local cutter number (OCLC) ; Book number/undivided call number, CALL (RLIN) .F323 1966b
100 1# - MAIN ENTRY--PERSONAL NAME
Personal name ʿAṭṭār, Farīd al-Dīn,
Dates associated with a name -approximately 1230.
9 (RLIN) 98756
245 10 - TITLE STATEMENT
Title Muslim saints and mystics :
Remainder of title episodes from the Tadhkirat al-auliyaʼ ("Memorial of the saints") /
Statement of responsibility, etc. by Farid al-Din Attar ; translated by A. J. Arberry
260 ## - PUBLICATION, DISTRIBUTION, ETC. (IMPRINT)
Place of publication, distribution, etc. London ;
-- Boston :
Name of publisher, distributor, etc. Routledge & Kegan Paul,
Date of publication, distribution, etc. 1966 [Reprinted 1979].
300 ## - PHYSICAL DESCRIPTION
Pagination xii, 287 p. ;
Size 23 cm
490 1# - SERIES STATEMENT
Series statement Persian heritage series ;
Volume/sequential designation no. 1
Series statement UNESCO collection of representative works
504 ## - BIBLIOGRAPHY, ETC. NOTE
Bibliography, etc Includes bibliographies.
650 #0 - SUBJECT ADDED ENTRY--TOPICAL TERM
Topical term or geographic name as entry element Muslim saints
9 (RLIN) 74300
700 1# - ADDED ENTRY--PERSONAL NAME
Personal name Arberry, A. J.
Fuller form of name (Arthur John),
Dates associated with a name 1905-1969.
830 #0 - SERIES ADDED ENTRY--UNIFORM TITLE
Volume number/sequential designation no. 1
830 10 - SERIES ADDED ENTRY--UNIFORM TITLE
Uniform title Persian heritage series ;
Uniform title UNESCO collection of representative works
942 ## - ADDED ENTRY ELEMENTS (KOHA)
Source of classification or shelving scheme Dewey Decimal Classification
Koha item type Books
Holdings
Lost status Source of classification or shelving scheme Damaged status Not for loan Collection code Permanent Location Current Location Shelving location Date acquired Source of acquisition Cost, normal purchase price Total Checkouts Full call number Date last seen Date checked out Copy number Koha item type
  Dewey Decimal Classification     Non-fiction Central Library, University of Rajshahi Central Library, University of Rajshahi   30/06/1982 Heffer 2.95 1 297.6 ATM 1979 28/12/2016 11/12/2016 C-5 Books
  Dewey Decimal Classification   Not For Loan Non-fiction Central Library, University of Rajshahi Central Library, University of Rajshahi Reading Room 26/04/1967 Mirza Book Agency 26.25   297.6 ATM 1966 26/04/2014   C-1 Books
  Dewey Decimal Classification       Central Library, University of Rajshahi Central Library, University of Rajshahi   22/09/1970 Zeitlinger 54.00   297.6 ATM 1966 27/04/2014   C-3 Books
  Dewey Decimal Classification       Central Library, University of Rajshahi Central Library, University of Rajshahi   22/09/1970 Zeitlinger 54.00   297.6 ATM 1966 27/04/2014   C-4 Books